| 000 | 00586nam a2200229Ia 4500 | ||
|---|---|---|---|
| 003 | OSt | ||
| 005 | 20220928102525.0 | ||
| 006 | a|||||r|||| 00| 0 | ||
| 007 | ta | ||
| 008 | 220927b |||||||| |||| 00| 0 hin d | ||
| 024 | _a63761 | ||
| 037 | _cTextual | ||
| 040 |
_aSDCL _cSDCL _bhin |
||
| 041 |
_2hin _ahin |
||
| 082 | _aW691y7M18, M8 | ||
| 100 |
_aPratap Bhuvneshvari _9398768 |
||
| 245 | 0 | _aKarl Marks | |
| 260 |
_aAlahabad _bShabdpeeth |
||
| 300 |
_a164p. _ccm. |
||
| 942 |
_hW691y7M18, M8 _cTEXL _2CC |
||
| 999 |
_c714640 _d714640 |
||